000 01211nam a2200265Ia 4500
003 OSt
005 20200723225944.0
008 191128t1975 eu ad fr 001 0 spa d
040 _aCO-JMCR
_cCO-JMCR
041 0 _aspa
082 0 4 _a338.9861 /
_bG892s
_223
110 2 _aGrupo Ad Hoc de Estudios por país de la CEPCIES sobre Colombia
_97762
245 1 0 _aSituación económica, principales problemas y perspectivas de desarrollo de Colombia /
_cGrupo Ad Hoc de Estudios por país de la CEPCIES sobre Colombia
260 _aWashington :
_bOrganización de los Estados Americanos,
_c©1975
300 _axv, 148 páginas :
_bgráficos a blanco y negro ;
_c22 cm.
490 0 _aDocumentos Oficiales de la OEA
500 _aIncluye índice de cuadros páginas xiii-xv
505 0 _aLa situación económica actual -- Estrategia de desarrollo y algunos de los principales problemas de largo plazo -- Situación actual, cambios recientes de política y perspectivas hasta 1976
650 1 4 _aHistoria económica
_97763
650 1 4 _aEstrategia del desarrollo
_92266
650 1 4 _aSector público
_97764
650 1 4 _aDesarrollo económico
_97765
650 1 4 _aAsistencia técnica
_97766
942 _2ddc
_cBK
999 _c5587
_d5587